Quizzes
Events
Quiz Creation
Community
Videos
Private Events
Remove Ads
Sign In
Join for FREE
Feedback
Dark Mode
Quiz Categories
Sports
Geography
Music
Movies
Television
Just For Fun
Miscellaneous
History
Literature
Language
Science
Gaming
Entertainment
Religion
Holiday
For Kids
Quiz Lab
Recent
Popular Today
Quiz Kudos Today
Editor Picks
Curator Picks
Quizzes by...
Day
Popularity
Type
Ratings
Length
Year
Community
Subscriptions
Recent Discussions
Orange Saloon
Badges
Playlists
Quests
Create
Leaderboards
Showdown
Live 5
Trivia Bingo
Activity
Puzzle Library
Sporcle Events
Private Events
Virtual Trivia
Globe League
Become a Host
Pub Owners
SporcleCon
Opinionation
Our Games
Videos
Blog
Mobile Apps
Partnerships
Remove Ads and Go Orange
Feedback
Science
Computer
Plants
Astronomy
Chemistry
Elements
Math
Animal
Physics
Anatomy
Biology
Geology
General Science
Science
Computer
Plants
Astronomy
Chemistry
Elements
Math
Animal
Physics
Anatomy
Biology
Geology
General Science
Random Quiz
Search Sporcle
×
Quiz Lab
Quiz Lab
Science
Biochemistry
Type in answers that appear in a list
Type in answers that appear in a list
Classic
Best Score? Go Orange.
Biochemistry Basics Stats
Can you name the Biochemistry Basics?
By
Aethol
3m
15 Questions
1,280 Plays
1,280 Plays
1,280 Plays
Comments
Comments
Give Quiz Kudos
Give Quiz Kudos
-
- Ratings
hide this ad
Random Order
Randomize order of answers
Randomize order of answers
Replay
Link that replays current quiz
Next Quiz
Link to next quiz in quiz playlist
You Got
0%
They Got
Avg Score
51%
Avg Friend Score
Upgrade to see
Score Distribution
Jump to the score distribution portion of the page
Score
0/15
Timer
03:00
0
Plays Today
Question
Answer
% Correct
A protein is placed at a too hot temperature, it will most likely _
_
_
_
_
_
_
Denature
69.6%
ATP's energy source comes from its _
_
_
_
_
groups
Phosphate
68.9%
An aquaporin allows _
_
_
_
_
_
_
_
_
in and out of a cell
Water
68.9%
An amino acid always has an amino group and a _
_
_
_
_
group
Carboxyl
68.5%
A polypeptide's monomer?
Amino Acid
65.4%
Phospholipids, Triglycerides, and waxes are all types of _
_
_
_
_
Lipids
60.8%
The rER has _
_
_
_
_
_
_
while the sER does not
Ribosomes
58.7%
Glucose and Fructose have the same molecular formula but glucose is an aldehyde while fructose is a _
_
_
_
_
_
_
_
_
Ketone
58.4%
Question
Answer
% Correct
Ribose has a _
_
_
_
group that Deoxyribose does not
Hydroxyl
44.8%
Four nucleic bases found in DNA? (Alphabetical order)
Adenine Cytosine Guanine Thymine
42.8%
Cholesterol is a type of_
_
_
_
_
_
_
Steroid
41.8%
What elements compose carbohydrates? (Alphabetical Order)
Carbon Oxygen Hydrogen
39.2%
Phospholipids are described as being _
_
_
_
_
, they are both hydrophilic and hydrophobic
Amphipathic
33.2%
DNA has proteins that are negatively charged, they are called _
_
_
_
_
_
Histones
29.7%
CH4 is a _
_
_
_
_
_
_
hydrocarbon
Saturated
25.5%
Quiz Playlist
Details
Report
Send in Message
Add To Playlist
Classic:
Type in answers that appear in a list
Random Order:
Randomize order of answers
Last Updated: Feb 16, 2017
Quiz Scoreboard
CHALLENGE
Sign Up to Join the Scoreboard
Show All
Scores
Hide
Comments
May contain spoilers
Recently Published
9x9 Crossword: Cartoon Network
by jackfrog10
Miscellaneous
3m
College Basketball Coaching Resumes
by pancakes188
Sports
9m
Billboard Blitz: Fleetwood Mac
by CooCooCachoo
Music
15s
More to Explore
Quiz From the Vault
Featured Blog Post
Where Did the Easter Bunny Come From?
hide this ad
You Might Also Like...
Tags
basic
Biochemistry
Today's Top Quizzes in Science
Browse Science
hide this ad
Today's Top Quizzes in Biochemistry
Browse Biochemistry
Top Contributed Quizzes in Science
1
Quick Pick: Radians
2
Quick Pick: 'CI-CJ' Animals
3
The First 100 Digits of Pi
4
Elements In Images
5
One Thing in Common: Science
6
Science Jokes
7
One Thing in Common: Science II
8
Name the Acid, Base or Salt
9
One Thing in Common: Animals
10
One Thing in Common: Science III
Explore More
Trending Topics
NBA
Crossword
Disney
Harry Potter
Kpop
Marvel
Anime
Puzzle
The Office
Pokémon
NFL
Country
Soccer
Song
WWE
hide this ad
More By:
Aethol
Quiz
Plays
Rating
Category
Featured
Created
Biochemistry Basics
1,280
2.33
Science
Feb 21, 2012
Go to Creator's Profile
Score Distribution
Quiz Creator Spotlight
Aethol
Follow
Send a Message
Quizzes Created
-
Created Quiz Play Count
-
More By This Creator
Popular Quizzes Today
1
Find the US States - No Outlines Minefield
2
Find the Countries of Europe - No Outlines Minefield
3
The Countries of the World
4
Find the US States
5
Risky Map Clicking: Biggest States A-Z
6
US States
7
Popular People in 1961
8
Movies - When Are They Set?
More Science Quizzes
Prime Roman Numeral Blitz
Published
Trending Quizzes
Risky Map Clicking: Least Populous States A-Z
1-10 Letter G Words
1-10 Letter F Words
Risky Map Clicking: Next State Alphabetically
Adjectives in 80s TV Shows
Recently Updated
Leaping Animals
pecheneg
Reality TV Shows (A-Z)
bhenderson79
Rickey Henderson's Hall of Fame Teammates
pecheneg
Champions League XIs: Arsenal
pecheneg
Quick Pick: Celebrities in WWE's Hall of Fame
aduchscher
A-Z Keypad Blitz II
pecheneg
Multiple Oscar Actors
pecheneg
Mystery Phrase Blitz: Oscar 'Best Actors'
pecheneg
F. Scott Fitzgerald Novels
LTH
Pick 3 Villains
ddd62291
Trending Topics
Anime
Marvel
Crossword
Disney
Kpop
NBA
Harry Potter
Song
The Office
NFL
Puzzle
WWE
Pokémon
Soccer
Country
Your Account Isn't Verified!
In order to create a playlist on Sporcle, you need to verify the email address you used during registration. Go to your
Sporcle Settings
to finish the process.
Report this User
Report this user for behavior that violates our
Community Guidelines
.
Details:
Send Report
Go to the Sporcle.com Mobile Site →
Comments